00473nam a2200193 a 4500001001300000003000900013005001700022008004100039020001000080082001500090100002500105245002000130260002600150300000900176500003500185505001300220650002100233700002500254nice12345678IN_TiNIC20260116012044.0050524s1915 leia grp 000 0 per  ac10000a915.3bMUS aMustawfi, Hamd-Allah aNuahatul Quloob aLeiden bBrill c1915 a378p aincludes index and biblioraphy2 areserved aArabia-Geography1 aMustawfi, Hamd-Allah